000 00366pam a2200157a 44500
008 230405s1993 xxu||||| |||| 00| 0 eng d
041 _aENG
100 _aCliarlas Parker Thomas Case
245 _aManagement Information System
250 _a1
260 _a
_bMcGraw Hill
_c1993
300 _a888p,23.5cms
440 _a610
690 _aIMRDA
906 _a1219
999 _c254078
_d254078